| 000 | 00816cam a22002291 4500 | ||
|---|---|---|---|
| 001 | agr50000720 | ||
| 003 | DLC | ||
| 005 | 20260227111014.0 | ||
| 008 | 810206s1950 dcuab 000 0 eng c | ||
| 010 | _aagr50000720 | ||
| 035 | _a(OCoLC)7110190 | ||
| 040 |
_aU.S. Dept. of Agr. Libr. _cMChB _dDLC |
||
| 042 | _apremarc | ||
| 050 | 0 | 0 |
_aHG2051.U5 _bA574 no. 58 |
| 082 | _a633.1 | ||
| 100 | 1 |
_aHall, Thomas Elliot, _d1911- |
|
| 245 | 1 | 0 |
_aWhere and how much cash grain storage for Oklahoma farmers, _cby Thomas E. Hall [and others] |
| 260 |
_aWashington, _bCooperative Research and Service Division, Farm Credit Administration, U.S. Dept. of Agriculture, _c1950. |
||
| 490 | 0 |
_aU.S. Farm Credit Administration. Bulletin _v58 |
|
| 500 | _aIn cooperation with Oklahoma A.& M. College. | ||
| 650 | 0 |
_aGrain _xStorage. |
|
| 999 |
_c11239 _d11239 |
||